Connections!!! - Statistics

General Stats
  • This quiz has been taken 18 times
  • The average score is 32 of 64
Answer Stats
Question Tile Select % Correct
Select all that connect to each other Answer No
94%
Select all that connect to each other Frozen No
94%
Select all that connect to each other Golden No
88%
Select all that connect to each other Helios Yes
88%
Select all that connect to each other Nightmare No
88%
Select all that connect to each other Nuclear No
88%
Select all that connect to each other Slaughter No
88%
Select all that connect to each other Gaia Yes
81%
Select all that connect to each other Windy No
81%
Select all that connect to each other Bear No
75%
Select all that connect to each other Apple No
69%
Select all that connect to each other Balloon No
69%
Select all that connect to each other Eyes No
69%
Select all that connect to each other Moon No
69%
Select all that connect to each other Revenge No
69%
Select all that connect to each other Table No
69%
Select all that connect to each other Citadel No
63%
Select all that connect to each other Cloth No
63%
Select all that connect to each other Hera Yes
63%
Select all that connect to each other Indigo No
63%
Select all that connect to each other Quantum No
56%
Select all that connect to each other Widow No
56%
Select all that connect to each other Beehive No
50%
Select all that connect to each other Blue Yes
50%
Select all that connect to each other Cards No
50%
Select all that connect to each other France No
50%
Select all that connect to each other Indonesia No
50%
Select all that connect to each other Jordan No
50%
Select all that connect to each other Kings No
50%
Select all that connect to each other Labyrinth No
50%
Select all that connect to each other Lemon No
50%
Select all that connect to each other Opium No
50%
Select all that connect to each other Poppy No
50%
Select all that connect to each other Red Yes
50%
Select all that connect to each other Tartarus Yes
50%
Select all that connect to each other Tundra No
50%
Select all that connect to each other Zebra No
50%
Select all that connect to each other Amber Yes
44%
Select all that connect to each other Blizzard No
44%
Select all that connect to each other Crete No
44%
Select all that connect to each other Earthquake No
44%
Select all that connect to each other Inferno No
44%
Select all that connect to each other Pyrite Yes
44%
Select all that connect to each other Salt Yes
44%
Select all that connect to each other Tesla No
44%
Select all that connect to each other Valve No
44%
Select all that connect to each other Cavern No
38%
Select all that connect to each other Deep No
38%
Select all that connect to each other Flower No
38%
Select all that connect to each other Glass No
38%
Select all that connect to each other Acropolis No
31%
Select all that connect to each other Copper No
31%
Select all that connect to each other Rock No
31%
Select all that connect to each other Emerald No
19%
Select all that connect to each other Quartz No
19%
Select all that connect to each other Boogie Yes
13%
Select all that connect to each other Diamond Yes
13%
Select all that connect to each other Fire Yes
13%
Select all that connect to each other Giants Yes
13%
Select all that connect to each other Green No
13%
Select all that connect to each other Lightning Yes
13%
Select all that connect to each other Shock Yes
13%
Select all that connect to each other White No
13%
Select all that connect to each other Star Yes
6%
No matching quizzes found
Score Distribution
Percent of People with Each Score
Percentile by Number Answered
Your Score History
You have not taken this quiz